| 000 | 00552nam a22001697a 4500 | ||
|---|---|---|---|
| 999 |
_c121836 _d121836 |
||
| 005 | 20210405091954.0 | ||
| 008 | 210405b ||||| |||| 00| 0 eng d | ||
| 040 | _cPK-LaUMT | ||
| 082 |
_aRHC 891.4393 _bWAS-A |
||
| 100 | _aWaseem Anjum, Muhammad = وسیم انجم، محمد | ||
| 245 |
_aAik din ka aadmi = ایک دن کا آدمی / _cby Muhammad Waseem Anjum = از محمد وسیم انجم |
||
| 260 |
_aRawalpindi : _bAnjum Publishers, _c1999 |
||
| 300 | _a208 p. | ||
| 650 | _aUrdu literature | ||
| 650 | _aUrdu fiction | ||
| 942 | _cBK | ||